EuroBasket 2013 - Statistics

General Stats
  • This quiz has been taken 32 times
  • The average score is 12 of 24
Answer Stats
Place Country % Correct
1 (gold) France
100%
3 (bronze) Spain
100%
2 (silver) Lithuania
96%
4 Croatia
77%
5 Slovenia
77%
9 Finland
62%
11 Greece
62%
8 Italy
62%
11 Latvia
58%
7 Serbia
54%
21 Russia
50%
9 Belgium
46%
6 Ukraine
46%
17 Germany
38%
13 Bosnia and Herzegovina
35%
17 Turkey
35%
13 Sweden
31%
13 United Kingdom
31%
13 Czech Republic
27%
21 Macedonia
27%
21 Poland
27%
17 Georgia
23%
17 Montenegro
23%
21 Israel
15%
No matching quizzes found
Score Distribution
Percent of People with Each Score
Percentile by Number Answered
Your Score History
You have not taken this quiz